10 Największych Państw Europy - Statystyki

Ogólne statystyki
  • Ten quiz został rozwiązany 219 razy
  • Średni wynik to 10 z 10
Statystyki odpowiedzi
km² Odpowiedż % Poprawnych
505 990 km² Hiszpania
99%
3 969 100 km² Rosja
99%
547 030 km² Francja
98%
357 168 km² Niemcy
98%
312 696 km² Polska
97%
450 295 km² Szwecja
95%
603 628 km² Ukraina
95%
385 207 km² Norwegia
93%
338 455 km² Finlandia
91%
301 340 km² Włochy
91%
Nie znaleziono quizów pasujących do podanych kryteriów
Rozkład punktacji
Procent ludzi z każdym wynikiem
Percentyl według liczby udzielonych odpowiedzi
Twoja historia wyników
Nie rozwiązałeś tego quizu